| 000 | 01277cam a22003254a 4500 | ||
|---|---|---|---|
| 005 | 20230526155252.0 | ||
| 008 | 050630s2007 nyua b 001 0 eng | ||
| 010 | _a 2005018764 | ||
| 020 | _a0073136069 (pbk. : alk. paper) | ||
| 020 | _z0072864583 | ||
| 020 | _a9780073136066 | ||
| 035 | _a(OCoLC)ocm60643770 | ||
| 040 |
_aDLC _cDLC _dIPL _dBAKER _dC#P _dDLC |
||
| 042 | _apcc | ||
| 050 | 0 | 0 |
_aT353 _b.B4515 2007 |
| 082 | 0 | 0 |
_a604.2 _222 _bBER-F |
| 100 | 1 | _aBertoline, Gary R. | |
| 245 | 1 | 0 |
_aFundamentals of graphics communication / _cGary R. Bertoline, Eric N. Wiebe. |
| 250 | _a5th ed. | ||
| 260 |
_aNew York, NY : _bMcGraw-Hill Higher Education, _cc2007. |
||
| 300 |
_a1 v. (various pagings) : _bill. (some col.) ; _c26 cm. |
||
| 504 | _aIncludes bibliographical references and index. | ||
| 650 | 0 |
_aEngineering graphics _vTextbooks. |
|
| 700 | 1 | _aWiebe, Eric N. | |
| 856 | 4 | 1 |
_3Table of contents _uhttp://www.loc.gov/catdir/toc/ecip0515/2005018764.html |
| 856 | 4 | 2 |
_3Publisher description _uhttp://www.loc.gov/catdir/enhancements/fy0702/2005018764-d.html |
| 906 |
_a7 _bcbc _corignew _d1 _eecip _f20 _gy-gencatlg |
||
| 999 |
_c18540 _d18540 |
||